Data Transmission / (Record no. 183995)
[ view plain ]
| 000 -LEADER | |
|---|---|
| fixed length control field | 01162 a2200217 4500 |
| 003 - CONTROL NUMBER IDENTIFIER | |
| control field | Nust |
| 005 - DATE AND TIME OF LATEST TRANSACTION | |
| control field | 20230315122138.0 |
| 010 ## - LIBRARY OF CONGRESS CONTROL NUMBER | |
| LC control number | 88014067 |
| 020 ## - INTERNATIONAL STANDARD BOOK NUMBER | |
| International Standard Book Number | 0070654476 : |
| 040 ## - CATALOGING SOURCE | |
| Transcribing agency | Nust |
| 082 00 - DEWEY DECIMAL CLASSIFICATION NUMBER | |
| Classification number | 621.3981,TUG |
| 100 1# - MAIN ENTRY--PERSONAL NAME | |
| Personal name | Tugal, Dogan A. |
| 9 (RLIN) | 110311 |
| 245 10 - TITLE STATEMENT | |
| Title | Data Transmission / |
| Statement of responsibility, etc. | Dogan A. Tugal, Osman Tugal. |
| 250 ## - EDITION STATEMENT | |
| Edition statement | 2nd ed. |
| 260 ## - PUBLICATION, DISTRIBUTION, ETC. | |
| Place of publication, distribution, etc. | New York : |
| Name of publisher, distributor, etc. | McGraw-Hill, |
| Date of publication, distribution, etc. | c1989. |
| 300 ## - PHYSICAL DESCRIPTION | |
| Extent | xiv, 493 p. : |
| Other physical details | ill. ; |
| Dimensions | 24 cm. |
| 505 ## - FORMATTED CONTENTS NOTE | |
| Formatted contents note | Communications and Communications Links (Page-1), Transmission over Voice Grade Circuits (Page-21), Modulation Demodulation Binary Basebands and Modems (Page-89), Channel Capacity Increasing Methods and Packet Switching (Page-133), Multiplexing (Page-149), Synchronization (Page-177), Interfacing Protocols Information Codes Error Corrections (Page-197), Satellite Communication (Page-259), Monitoring and Testing on Operational Circuits (Page-285), Optical Fiber Transmission (Page-313), Shielding Grounding Protection of Systems and Static Electricity (Page-341), Local Area Networks (Page-389). |
| 650 #0 - SUBJECT ADDED ENTRY--TOPICAL TERM | |
| Topical term or geographic name entry element | Data transmission systems. |
| 9 (RLIN) | 17977 |
| 700 1# - ADDED ENTRY--PERSONAL NAME | |
| Personal name | Tugal, Osman. |
| 9 (RLIN) | 110312 |
| 942 ## - ADDED ENTRY ELEMENTS (KOHA) | |
| Source of classification or shelving scheme | |
| Koha item type | Book |
| Withdrawn status | Lost status | Source of classification or shelving scheme | Damaged status | Not for loan | Permanent Location | Current Location | Shelving location | Date acquired | Full call number | Barcode | Date last seen | Price effective from | Koha item type | Public note |
|---|---|---|---|---|---|---|---|---|---|---|---|---|---|---|
| Military College of Signals (MCS) | Military College of Signals (MCS) | General Stacks | 12/12/2016 | 621.3981,TUG | MCS22553 | 12/08/2016 | 12/12/2016 | Book | Almirah No.74, Shelf No.4 |
